Word Search: US States - Statistics

General Stats
  • This quiz has been taken 186 times
  • The average score is 11 of 15
Answer Stats
Hint Answer % Correct
w Montana
89%
w Hawaii
82%
w Wisconsin
82%
w South Carolina
80%
w Delaware
76%
w Georgia
76%
w Nevada
76%
w Utah
67%
w Idaho
66%
w Mississippi
66%
w Ohio
64%
w Kansas
63%
w Vermont
61%
w Oregon
58%
w Arkansas
54%
No matching quizzes found
Score Distribution
Percent of People with Each Score
Percentile by Number Answered
Your Score History
You have not taken this quiz